|
|
|
|
| LEADER |
00000nab a2200000 a 4500 |
| 001 |
vtls000892353 |
| 003 |
SK-MaSNL |
| 005 |
20260303234352.0 |
| 008 |
040720e19941008xo 0 slo |
| 035 |
|
|
|a KE1391
|
| 040 |
|
|
|a KEVKJB
|b slo
|c KEVKJB
|e AACR2
|
| 041 |
0 |
|
|a slo
|
| 044 |
|
|
|a xo
|c SK
|
| 080 |
|
|
|a 069.02
|2 1981
|
| 080 |
|
|
|a 362
|2 1981
|
| 080 |
|
|
|a 688
|2 1981
|
| 100 |
1 |
|
|a Holinková, Valéria
|4 aut
|9 878353
|
| 245 |
1 |
0 |
|a Z dectva starých mám
|
| 610 |
2 |
7 |
|a Slovenské technické múzeum
|2 KEVKJB
|9 29556
|
| 610 |
2 |
7 |
|a STM
|2 KEVKJB
|9 1271900
|
| 650 |
0 |
7 |
|a hračky
|2 KEVKJB
|9 25248
|
| 650 |
0 |
7 |
|a starožitnosti
|2 KEVKJB
|9 2978
|
| 650 |
0 |
7 |
|a výstavy
|2 KEVKJB
|9 2780
|
| 651 |
|
7 |
|a KE,
|2 KEVKJB
|9 877256
|
| 651 |
|
7 |
|a KE,
|2 KEVKJB
|9 877256
|
| 655 |
|
7 |
|a periodikum
|2 snkbucl
|9 29553
|
| 710 |
2 |
|
|a Slovenské technické múzeum
|4 aut
|9 29556
|
| 773 |
0 |
8 |
|t Korzo
|g Roč. 1
|g Roč. 28, č.18, 8.10.1994, s. 2
|
| 852 |
|
|
|a ZVYKNI
|b KIS3GCP
|
| 999 |
|
|
|c 2520521
|d 2522451
|